[Event "Veteranos"]
[Site "?"]
[Date "2010.??.??"]
[Round "1.1"]
[White "Sarto, Angel"]
[Black "Beltrán, Alfredo"]
[Result "1-0"]
[WhiteElo "1962"]
[BlackElo "1700"]
[PlyCount "49"]
[EventDate "2010.04.10"]

1. d4 Nf6 2. Nf3 d6 3. Nc3 g6 4. Bg5 Bg7 5. Qd2 O-O 6. Bh6 Re8 7. Bxg7 Kxg7 8.
e4 c6 9. h4 b5 10. a3 a6 11. h5 Rh8 12. h6+ Kf8 13. Qg5 Bg4 14. Nd2 Be6 15. f4
Rg8 16. Be2 d5 17. e5 Ne8 18. g4 f6 19. Qh4 Bf7 20. O-O-O g5 21. fxg5 fxg5 22.
Qf2 e6 23. Rdf1 Ra7 24. Rh3 Rg6 25. Bd3 1-0

[Event "Veteranos"]
[Site "?"]
[Date "2010.??.??"]
[Round "1.2"]
[White "García, Obdulio"]
[Black "Domínguez, Fernando"]
[Result "0-1"]
[WhiteElo "1700"]
[BlackElo "2069"]
[PlyCount "58"]
[EventDate "2010.04.10"]

1. d4 Nf6 2. Bf4 e6 3. e3 c5 4. c3 b6 5. h3 Bb7 6. Nf3 Be7 7. Be2 O-O 8. O-O d5
9. Nbd2 Nc6 10. a3 h6 11. b4 cxd4 12. cxd4 a6 13. Rc1 Rc8 14. Qb3 b5 15. Qb2
Ne4 16. Nxe4 dxe4 17. Nd2 f5 18. Nb3 Qd7 19. Nc5 Bxc5 20. dxc5 Ne7 21. Bd6 Rfe8
22. Bxe7 Qxe7 23. Rfd1 Bd5 24. a4 Qb7 25. a5 Qc7 26. Rd2 f4 27. exf4 Qxf4 28.
Qd4 Qg5 29. Rcd1 e3 0-1

[Event "Veteranos"]
[Site "?"]
[Date "2010.??.??"]
[Round "1.3"]
[White "Navarro, Jesús"]
[Black "Lasierra, Javier"]
[Result "1/2-1/2"]
[WhiteElo "1850"]
[BlackElo "1700"]
[PlyCount "106"]
[EventDate "2010.04.10"]

1. e4 e5 2. Nf3 Nc6 3. d4 d6 4. Bc4 Bg4 5. c3 a6 6. d5 Na7 7. Be3 Nf6 8. Nbd2
Be7 9. Qb3 b5 10. Bd3 O-O 11. O-O Qc8 12. Rac1 Qb8 13. c4 b4 14. a4 a5 15. c5
Nc8 16. Qc2 Nd7 17. cxd6 cxd6 18. Bb5 Ncb6 19. h3 Bh5 20. Qd3 Nc5 21. Bxc5 dxc5
22. b3 Qd6 23. Nh2 Bg6 24. Ng4 f5 25. Ne3 f4 26. Nec4 Nxc4 27. Nxc4 Qf6 28. f3
Rfd8 29. Bc6 Qxc6 30. Nxe5 Qc7 31. Ng4 h5 32. Nf2 Bh7 33. Qc4 Kh8 34. Nd3 Rac8
35. Nb2 Qe5 36. Nd3 Qd4+ 37. Qxd4 cxd4 38. Nxf4 Rxc1 39. Rxc1 Bg5 40. g3 Rf8
41. Rc4 Bxf4 42. gxf4 Rxf4 43. Kg2 g5 44. Rxd4 g4 45. hxg4 hxg4 46. Kg3 Rxf3+
47. Kxg4 Rf8 48. e5 Kg7 49. d6 Bg8 50. d7 Rd8 51. Kf5 Rf8+ 52. Kg5 Rd8 53. Kf5
Rf8+ 1/2-1/2

[Event "Veteranos"]
[Site "?"]
[Date "2010.??.??"]
[Round "1.4"]
[White "Codina, Juan"]
[Black "Yáñez, Gonzalo"]
[Result "0-1"]
[WhiteElo "1608"]
[BlackElo "1895"]
[PlyCount "46"]
[EventDate "2010.04.10"]

1. d4 Nf6 2. c4 e5 3. d5 Bc5 4. Bg5 Bxf2+ 5. Kxf2 Ng4+ 6. Ke1 Qxg5 7. Nf3 Qe3
8. Qd2 d6 9. h3 Qf2+ 10. Kd1 Ne3+ 11. Kc1 Nxf1 12. Rxf1 Qxf1+ 13. Ne1 Bf5 14.
Nc3 Qf4 15. Qxf4 exf4 16. Nb5 Kd7 17. Nf3 h6 18. b3 g5 19. Kb2 Na6 20. Re1 Rhe8
21. Nfd4 Bg6 22. a3 Nc5 23. Nc3 Nd3+ 0-1

[Event "Veteranos"]
[Site "?"]
[Date "2010.??.??"]
[Round "1.5"]
[White "Martínez, Juan"]
[Black "Ubeda, Angel"]
[Result "1-0"]
[WhiteElo "1841"]
[BlackElo "1513"]
[PlyCount "71"]

1. e4 c5 2. Nf3 d6 3. d4 cxd4 4. Nxd4 Nf6 5. f3 a6 6. c4 Nc6 7. Nc3 e6 8. Be3
Be7 9. Qd2 O-O 10. Be2 Ne5 11. Rc1 Ng6 12. O-O Bd7 13. Rfd1 e5 14. Nc2 Qc7 15.
Nb4 Be6 16. Ncd5 Bxd5 17. Nxd5 Nxd5 18. cxd5 Qd7 19. Qa5 Rac8 20. Bb6 Rxc1 21.
Rxc1 Rc8 22. Rc7 Rxc7 23. Bxc7 Qc8 24. Qb6 f6 25. g3 h5 26. Bxd6 Bxd6 27. Qxd6
Qc1+ 28. Kf2 Qxb2 29. Qe6+ Kh7 30. d6 Nf4 31. gxf4 Qd4+ 32. Kg2 exf4 33. Qf5+
Kh6 34. Qxf4+ Kh7 35. Qf5+ Kh6 36. Qd5 1-0

[Event "Veteranos"]
[Site "?"]
[Date "2010.??.??"]
[Round "1.6"]
[White "Cervera, Ramón"]
[Black "Ruiz, José Manuel"]
[Result "0-1"]
[WhiteElo "1611"]
[BlackElo "1899"]
[PlyCount "94"]

1. c4 e5 2. Nc3 Nf6 3. d3 c6 4. g3 d5 5. cxd5 cxd5 6. Bg2 Nc6 7. Nf3 Be7 8. O-O
O-O 9. Nd2 Be6 10. e4 d4 11. Nd5 Nxd5 12. exd5 Bxd5 13. Bxd5 Qxd5 14. a3 Rac8
15. Qh5 f5 16. Re1 g6 17. Qe2 Bf6 18. Nf3 Na5 19. Bg5 Nb3 20. Rad1 Bxg5 21.
Nxg5 Rfe8 22. Qf1 h6 23. Nh3 Rc2 24. Re2 Rec8 25. Rde1 Rxe2 26. Qxe2 Rc1 27.
Rxc1 Nxc1 28. Qd2 Nxd3 29. Qxd3 Kg7 30. f3 e4 31. fxe4 fxe4 32. Qc2 g5 33. Nf2
e3 34. Nd3 Kf6 35. Qg2 Qb3 36. Qf3+ Kg7 37. Qe2 Kg6 38. h3 Qe6 39. g4 Qe4 40.
Nc5 Qb1+ 41. Kg2 Kf6 42. Qf3+ Ke5 43. Qf5+ Qxf5 44. gxf5 b6 45. Nb3 d3 46. Kf1
Kxf5 47. Nc1 d2 0-1

[Event "Veteranos"]
[Site "?"]
[Date "2010.??.??"]
[Round "1.7"]
[White "Royo, Manuel"]
[Black "López, Jesús"]
[Result "1-0"]
[WhiteElo "1950"]
[BlackElo "1500"]
[PlyCount "31"]

1. e4 e6 2. d4 d5 3. Nd2 h6 4. c3 dxe4 5. Nxe4 Be7 6. Bd3 Nf6 7. Qe2 Bd7 8. Nf3
Bc6 9. Ng3 O-O 10. Ne5 Bxg2 11. Rg1 Bc6 12. Bxh6 gxh6 13. Nh5+ Kh8 14. Qe3 Ng8
15. Rxg8+ Rxg8 16. Qxh6# 1-0

[Event "Veteranos"]
[Site "?"]
[Date "2010.??.??"]
[Round "1.8"]
[White "Pardo, Venancio"]
[Black "Argüeso, Manuel"]
[Result "0-1"]
[WhiteElo "1824"]
[BlackElo "1824"]
[PlyCount "48"]

1. d4 d5 2. c4 e6 3. Nc3 c6 4. Nf3 dxc4 5. e4 b5 6. Bg5 Be7 7. Bxe7 Qxe7 8. a3
a5 9. Be2 Bb7 10. O-O Nf6 11. Re1 O-O 12. Qc2 Rd8 13. d5 e5 14. Rad1 Na6 15.
dxc6 Bxc6 16. Rxd8+ Rxd8 17. Rd1 Rxd1+ 18. Bxd1 Nc5 19. b4 axb4 20. axb4 Nd3
21. Nd5 Nxd5 22. exd5 Bxd5 23. Qc3 f6 24. Nh4 Qxb4 0-1

[Event "Veteranos"]
[Site "?"]
[Date "2010.??.??"]
[Round "1.9"]
[White "Edeso, Francisco"]
[Black "Gil, Gonzalo"]
[Result "1-0"]
[WhiteElo "1797"]
[BlackElo "1733"]
[PlyCount "63"]

1. d4 Nf6 2. c4 e6 3. Nc3 Be7 4. Bg5 h6 5. Bh4 d5 6. e3 a6 7. Nf3 Nc6 8. Rc1
O-O 9. Be2 Bd7 10. Bxf6 Bxf6 11. cxd5 exd5 12. Nxd5 Rc8 13. O-O Bg4 14. Nc3 Qd6
15. Ne4 Qe7 16. Nc5 Rb8 17. b3 Nb4 18. Qd2 Nd5 19. h3 Bh5 20. Nd3 c6 21. Rfe1
Rbd8 22. Nfe5 Bg6 23. Nxg6 fxg6 24. Qa5 Bh4 25. Bf3 Qg5 26. Kh1 Rxf3 27. gxf3
Qf5 28. Ne5 Qxh3+ 29. Kg1 Bxf2+ 30. Kxf2 Qh2+ 31. Kf1 Qh1+ 32. Ke2 1-0

[Event "Veteranos"]
[Site "?"]
[Date "2010.??.??"]
[Round "1.10"]
[White "Marín, Angel María"]
[Black "Pellicer, Rafael José"]
[Result "1/2-1/2"]
[WhiteElo "1712"]
[BlackElo "1811"]
[PlyCount "146"]

1. Nf3 f5 2. c4 e6 3. g3 Nf6 4. Bg2 c6 5. O-O d5 6. b3 Bd6 7. Bb2 O-O 8. d4
Nbd7 9. Nbd2 b6 10. cxd5 cxd5 11. Ng5 Qe7 12. f3 Nh5 13. f4 h6 14. Nh3 Nhf6 15.
Nf2 Bb7 16. Nf3 Ne4 17. Nxe4 fxe4 18. Nh4 Qe8 19. Bh3 Rf6 20. e3 Ba6 21. Rf2
Rc8 22. Rc1 Bb7 23. Qg4 Rxc1+ 24. Bxc1 Nf8 25. f5 e5 26. Bb2 exd4 27. Bxd4 Be5
28. Bxe5 Qxe5 29. Qd1 Bc8 30. Rd2 Rd6 31. g4 Bb7 32. Bf1 Qf6 33. Ng2 g6 34.
fxg6 Nxg6 35. Rf2 Qg7 36. Ne1 Ne5 37. Be2 a5 38. Nc2 Rf6 39. Rxf6 Qxf6 40. Nd4
Qg5 41. Nc2 Nf7 42. Qf1 Bc8 43. Qf4 Qxf4 44. exf4 Nd8 45. Kf2 Nc6 46. Ke3 Kf7
47. Bb5 Na7 48. Be2 Nc6 49. h3 Ke7 50. Bb5 Nd8 51. Nd4 Kd6 52. Be8 Nb7 53. Bg6
Nc5 54. Nf5+ Bxf5 55. Bxf5 Nd3 56. g5 hxg5 57. fxg5 Ke5 58. Bh7 d4+ 59. Kd2 Nf4
60. h4 e3+ 61. Kd1 d3 62. Bxd3 Nxd3 63. g6 Kf6 64. h5 Nb4 65. a3 Nd5 66. Ke2
Nf4+ 67. Kxe3 Nxh5 68. Kd4 Nf4 69. Kc4 Kxg6 70. b4 axb4 71. Kxb4 Kf6 72. Kb5
Nd5 73. a4 Nc3+ 1/2-1/2

[Event "Veteranos"]
[Site "?"]
[Date "2010.??.??"]
[Round "1.11"]
[White "Sanz, Alberto"]
[Black "Menjón, Miguel"]
[Result "1-0"]
[WhiteElo "1782"]
[BlackElo "1632"]
[PlyCount "31"]

1. e4 Nf6 2. e5 Nd5 3. Bc4 Nb6 4. Bb3 e6 5. f4 Nc6 6. c3 d6 7. d4 Be7 8. Nf3
dxe5 9. fxe5 Bd7 10. O-O Na5 11. Bc2 c5 12. Nbd2 Nd5 13. Ne4 b6 14. Nfg5 Rf8
15. Nxh7 Rh8 16. Qf3 1-0

[Event "Veteranos"]
[Site "?"]
[Date "2010.??.??"]
[Round "1.12"]
[White "Otal, José Miguel"]
[Black "Bernad, Antonio"]
[Result "0-1"]
[WhiteElo "1577"]
[BlackElo "1724"]
[PlyCount "68"]

1. e4 e6 2. d4 d5 3. Nd2 Nf6 4. e5 Nfd7 5. Ngf3 c5 6. c3 Nc6 7. Nb3 cxd4 8.
cxd4 Be7 9. Be2 f6 10. Bf4 fxe5 11. dxe5 O-O 12. Bd2 Ndxe5 13. Nfd4 Nxd4 14.
Nxd4 Qb6 15. Bc3 Bc5 16. Rb1 Nc6 17. O-O Nxd4 18. Kh1 Nxe2 19. Qxe2 Bd7 20. f3
Rf7 21. Rbd1 Bb5 22. Qe5 Bxf1 23. Rxf1 Qd6 24. Qg5 Qf4 25. Qxf4 Rxf4 26. Re1
Kf7 27. Be5 Rc4 28. a3 Bd4 29. b3 Bf2 30. Rb1 Rc2 31. a4 Rac8 32. h3 Rc1+ 33.
Rxc1 Rxc1+ 34. Kh2 Rb1 0-1

[Event "Veteranos"]
[Site "?"]
[Date "2010.??.??"]
[Round "1.13"]
[White "Arteaga, Francisco"]
[Black "Samper, Julio Alfredo"]
[Result "1-0"]
[WhiteElo "1709"]
[BlackElo "1540"]
[PlyCount "131"]

1. d4 c6 2. c4 Nf6 3. Nc3 d5 4. cxd5 Nxd5 5. e4 Nxc3 6. bxc3 e6 7. Nf3 Be7 8.
Bd3 b6 9. Be3 Ba6 10. Bxa6 Nxa6 11. Ne5 Qc8 12. Qf3 O-O 13. Qg3 c5 14. O-O Nb8
15. Bh6 Bf6 16. Ng4 Qd8 17. Nxf6+ Qxf6 18. Be3 Nd7 19. h4 Qg6 20. e5 Qxg3 21.
fxg3 f6 22. exf6 Rxf6 23. Rf3 Raf8 24. Raf1 Rxf3 25. gxf3 Kf7 26. f4 Rc8 27. f5
e5 28. dxe5 Nxe5 29. Bf4 Re8 30. Kg2 Kf6 31. Bxe5+ Rxe5 32. g4 Re3 33. g5+ Kf7
34. Rd1 Ke8 35. Rd6 Rxc3 36. f6 gxf6 37. Rxf6 Rc2+ 38. Kg3 Rxa2 39. Rh6 c4 40.
Rxh7 c3 41. Rc7 c2 42. h5 Ra5 43. Rxc2 Rxg5+ 44. Kh4 Rg7 45. h6 Rf7 46. Kg5 Kd7
47. Kg6 Rf1 48. Rh2 Rf8 49. h7 a5 50. h8=Q Rxh8 51. Rxh8 a4 52. Kf5 Kc6 53. Ke5
Kc5 54. Ke4 Kc4 55. Rc8+ Kb4 56. Kd3 a3 57. Rc3 b5 58. Kc2 Ka4 59. Rc8 Kb4 60.
Ra8 a2 61. Rxa2 Kc4 62. Ra8 Kb4 63. Kb2 Kc4 64. Rh8 Kb4 65. Rh4+ Kc5 66. Kb3
1-0

[Event "Veteranos"]
[Site "?"]
[Date "2010.??.??"]
[Round "1.14"]
[White "Latorre, Francisco"]
[Black "Gimeno, José Andrés"]
[Result "0-1"]
[WhiteElo "1517"]
[BlackElo "1741"]
[PlyCount "94"]

1. d4 Nf6 2. Nf3 c5 3. e3 b6 4. c4 g6 5. Nc3 Bg7 6. Be2 O-O 7. O-O Bb7 8. a3 d5
9. dxc5 bxc5 10. cxd5 Nxd5 11. Nxd5 Bxd5 12. Qc2 Qb6 13. Rd1 Bb3 14. Qd2 Bxd1
15. Bxd1 Rd8 16. Qc2 Nc6 17. Nd2 Ne5 18. Rb1 Rac8 19. Be2 c4 20. h3 Qc6 21. Nf3
Nd3 22. Bd2 e5 23. Bc3 e4 24. Nd4 Qf6 25. Rf1 Qb6 26. Rb1 f5 27. Qd2 Rd5 28.
Qc2 f4 29. Bg4 Re8 30. Ne2 fxe3 31. Bxg7 exf2+ 32. Kf1 Kxg7 33. Qxc4 Qc5 34.
Qa4 Re7 35. Nc3 Rd4 36. Qb3 e3 37. Ne2 Rd6 38. Nc3 h5 39. Be2 Rb6 40. Qc2 Nf4
41. Qd1 Nxe2 42. Qxe2 Rd6 43. Qf3 Qf5 44. Qxf5 gxf5 45. Ne2 Rd2 46. b4 Red7 47.
g3 Rd1+ 0-1

[Event "Veteranos"]
[Site "?"]
[Date "2010.??.??"]
[Round "1.15"]
[White "Navarro, Rafael"]
[Black "Cristóbal, Angel"]
[Result "1-0"]
[WhiteElo "1673"]
[BlackElo "1515"]
[PlyCount "35"]

1. d4 e6 2. e4 g6 3. Nf3 Bg7 4. Bg5 Bf6 5. Qd2 Bxg5 6. Nxg5 h6 7. Nf3 d6 8. Bd3
b6 9. Qc3 Bb7 10. O-O Nd7 11. Re1 Ngf6 12. Nbd2 c6 13. Nc4 Nf8 14. Rad1 Qd7 15.
e5 Nd5 16. Qa3 dxe5 17. Nfxe5 Qc7 18. Nd6+ 1-0

[Event "Veteranos"]
[Site "?"]
[Date "2010.??.??"]
[Round "1.16"]
[White "Burillo, Amelia"]
[Black "Martínez, Manuel"]
[Result "0-1"]
[WhiteElo "1500"]
[BlackElo "1689"]
[PlyCount "56"]

1. d4 d5 2. c4 c6 3. Nf3 Nf6 4. Nc3 e6 5. Bg5 Be7 6. e3 O-O 7. Bd3 Ne8 8. Bf4
Nd7 9. Qc2 g6 10. Bh6 Ng7 11. h4 f5 12. Bxg7 Kxg7 13. h5 g5 14. g4 h6 15. Ne5
Nxe5 16. dxe5 Qc7 17. f4 Bd7 18. O-O-O Rac8 19. gxf5 exf5 20. Qg2 Be6 21. cxd5
cxd5 22. Kb1 Qc5 23. fxg5 Bxg5 24. Rh3 Kh8 25. e4 fxe4 26. Nxe4 dxe4 27. Qxe4
Bf5 28. Qxb7 Qc1+ 0-1

[Event "Veteranos"]
[Site "?"]
[Date "2010.??.??"]
[Round "1.17"]
[White "Lorente, Antonio"]
[Black "Moreno, Ignacio"]
[Result "1-0"]
[WhiteElo "1723"]
[BlackElo "1500"]
[PlyCount "27"]

1. e4 e5 2. Bc4 Nf6 3. d3 Be7 4. Nc3 Nc6 5. Nf3 d6 6. O-O O-O 7. h3 h6 8. a3
Be6 9. Nd5 a6 10. Ba2 Qd7 11. Re1 Nd8 12. c4 b6 13. b3 Qc8 14. Nxe7+ 1-0

[Event "Veteranos"]
[Site "?"]
[Date "2010.??.??"]
[Round "1.18"]
[White "Pinilla, José Carlos"]
[Black "Félez, Carlos"]
[Result "0-1"]
[WhiteElo "1500"]
[BlackElo "1638"]
[PlyCount "64"]

1. e4 e5 2. c4 Nc6 3. g3 Nf6 4. Nc3 Nd4 5. d3 d6 6. Bg2 Be7 7. Be3 O-O 8. b4 a5
9. b5 Ng4 10. Nd5 Nxe3 11. Nxe7+ Qxe7 12. fxe3 Ne6 13. Nf3 Nc5 14. O-O Bg4 15.
h3 Be6 16. Nh4 Qg5 17. Qe2 Qxg3 18. Nf5 Qg5 19. h4 Qd8 20. d4 Bxf5 21. Rxf5 Nd7
22. Rd1 Qxh4 23. dxe5 Nxe5 24. Qh5 Qxh5 25. Rxh5 h6 26. Rc1 Rae8 27. Rc3 Re6
28. Kf1 Rf6+ 29. Rf5 Rxf5+ 30. exf5 f6 31. Bd5+ Kh8 32. c5 dxc5 0-1

[Event "Veteranos"]
[Site "?"]
[Date "2010.??.??"]
[Round "2.1"]
[White "Bernad, Antonio"]
[Black "Sarto, Angel"]
[Result "0-1"]
[WhiteElo "1724"]
[BlackElo "1962"]
[PlyCount "21"]
[EventDate "2010.04.10"]

1. e4 g6 2. d4 c6 3. Nf3 Bg7 4. Nc3 d5 5. exd5 cxd5 6. Bb5+ Nc6 7. Ne5 Bd7 8.
Nxd5 Nxe5 9. Bxd7+ Nxd7 10. Bf4 Qa5+ 11. Ke2 0-1

[Event "Veteranos"]
[Site "?"]
[Date "2010.??.??"]
[Round "2.2"]
[White "Domínguez, Fernando"]
[Black "Arteaga, Francisco"]
[Result "1-0"]
[WhiteElo "2069"]
[BlackElo "1709"]
[PlyCount "57"]

1. e4 c5 2. Nf3 e6 3. d4 cxd4 4. Nxd4 Nc6 5. Nc3 d6 6. Be2 Nf6 7. Be3 Be7 8.
O-O O-O 9. f4 Bd7 10. Qe1 a6 11. Qg3 Kh8 12. Rad1 Qc7 13. Bf3 Rg8 14. Nb3 b5
15. e5 Ne8 16. Ne4 d5 17. Ng5 Nd8 18. Nxh7 g6 19. Ng5 Kg7 20. Nd4 Rh8 21. c3
Kg8 22. f5 Bxg5 23. Bxg5 exf5 24. Bxd5 Kf8 25. Bxa8 Ne6 26. Nxe6+ Bxe6 27. Qe3
Kg7 28. Rd8 Qc4 29. Bf6+ 1-0

[Event "Veteranos"]
[Site "?"]
[Date "2010.??.??"]
[Round "2.3"]
[White "Yáñez, Gonzalo"]
[Black "Navarro, Rafael"]
[Result "1/2-1/2"]
[WhiteElo "1895"]
[BlackElo "1673"]
[PlyCount "25"]

1. e4 c5 2. Nf3 a6 3. c3 d5 4. exd5 Qxd5 5. Be2 Nf6 6. d4 cxd4 7. Qxd4 Nc6 8.
Qxd5 Nxd5 9. Bc4 Nb6 10. Bb3 Bf5 11. Be3 Nd7 12. Nbd2 e6 13. O-O-O 1/2-1/2

[Event "Veteranos"]
[Site "?"]
[Date "2010.??.??"]
[Round "2.4"]
[White "Gimeno, José Andrés"]
[Black "Martínez, Juan"]
[Result "1-0"]
[WhiteElo "1741"]
[BlackElo "1841"]
[PlyCount "65"]

1. b3 e5 2. Bb2 Nc6 3. e3 d6 4. Bb5 Bd7 5. Ne2 Nf6 6. O-O a6 7. Bxc6 Bxc6 8. d4
Qe7 9. c4 O-O-O 10. d5 Bd7 11. Nbc3 h5 12. Ng3 h4 13. Nge4 Nxe4 14. Nxe4 f5 15.
Nd2 h3 16. g3 g5 17. f4 Bg7 18. Qe1 gxf4 19. exf4 e4 20. Bxg7 Qxg7 21. Qe3 c5
22. Kf2 Rde8 23. a3 Qd4 24. b4 Qxd2+ 25. Qxd2 e3+ 26. Qxe3 Rxe3 27. Kxe3 Re8+
28. Kd3 b5 29. Rfe1 bxc4+ 30. Kxc4 Bb5+ 31. Kc3 cxb4+ 32. axb4 Be2 33. Kd2 1-0

[Event "Veteranos"]
[Site "?"]
[Date "2010.??.??"]
[Round "2.5"]
[White "Ruiz, José Manuel"]
[Black "Lorente, Antonio"]
[Result "1/2-1/2"]
[WhiteElo "1899"]
[BlackElo "1723"]
[PlyCount "56"]

1. d4 Nf6 2. Nf3 e6 3. c4 Bb4+ 4. Nc3 h6 5. a3 Bxc3+ 6. bxc3 d6 7. Qc2 Nbd7 8.
e4 b6 9. Bd3 e5 10. O-O O-O 11. h3 Re8 12. Nh2 Nh5 13. g3 Nf8 14. Kg2 Ng6 15.
Qe2 Nf6 16. f4 exf4 17. Bxf4 Nxe4 18. Bxe4 Bf5 19. Qh5 Bxe4+ 20. Kg1 Bd3 21.
Rf2 Bxc4 22. Bxh6 gxh6 23. Ng4 Be6 24. Rf6 Bxg4 25. Rxg6+ fxg6 26. Qxg6+ Kh8
27. Qxh6+ Kg8 28. Qg6+ Kh8 1/2-1/2

[Event "Veteranos"]
[Site "?"]
[Date "2010.??.??"]
[Round "2.6"]
[White "Martínez, Manuel"]
[Black "Royo, Manuel"]
[Result "1-0"]
[WhiteElo "1689"]
[BlackElo "1950"]
[PlyCount "151"]

1. d4 d5 2. Nf3 c6 3. e3 Nf6 4. Be2 e6 5. Nbd2 Nbd7 6. a3 Bd6 7. c3 e5 8. dxe5
Nxe5 9. Nxe5 Bxe5 10. Nf3 Bc7 11. h3 Qd6 12. Qc2 Bd7 13. b4 Ne4 14. Bd3 O-O-O
15. Bb2 Qg6 16. g4 Qf6 17. Bxe4 dxe4 18. Nd2 Rhe8 19. c4 Qe7 20. O-O-O Be5 21.
c5 Bxb2+ 22. Qxb2 Qe5 23. Nc4 Qxb2+ 24. Kxb2 Kc7 25. Nd6 Re7 26. Rd4 f5 27.
gxf5 Rf8 28. Rxe4 Rxe4 29. Nxe4 Rxf5 30. f4 Rh5 31. h4 Be6 32. Ng3 Rd5 33. Kc3
Bf7 34. e4 Rd7 35. Re1 b6 36. e5 Bd5 37. Rd1 g6 38. Rd4 bxc5 39. bxc5 Kd8 40.
Nf1 Rb7 41. Rb4 Rf7 42. Ne3 Be6 43. Rd4+ Kc7 44. Nc4 Bxc4 45. Kxc4 h6 46. Re4
Kd8 47. Kd3 Ke8 48. Rd4 g5 49. hxg5 hxg5 50. Ke3 gxf4+ 51. Rxf4 Rh7 52. a4 Rh3+
53. Ke4 Ke7 54. Kf5 Rc3 55. Rh4 Rxc5 56. Rh7+ Kd8 57. Rxa7 Rc1 58. Ke6 Ra1 59.
Kd6 Ke8 60. Kxc6 Rd1 61. e6 Rc1+ 62. Kb5 Rb1+ 63. Ka6 Re1 64. e7 Re5 65. Kb6
Re1 66. a5 Rb1+ 67. Ka6 Rb2 68. Rb7 Ra2 69. Kb6 Rb2+ 70. Ka7 Ra2 71. a6 Ra3 72.
Rc7 Rb3 73. Ka8 Rb1 74. Rb7 Ra1 75. a7 Kf7 76. Kb8 1-0

[Event "Veteranos"]
[Site "?"]
[Date "2010.??.??"]
[Round "2.7"]
[White "Argüeso, Manuel"]
[Black "Requeno, Juan José"]
[Result "1-0"]
[WhiteElo "1824"]
[BlackElo "1500"]
[PlyCount "53"]

1. d4 d5 2. Nf3 Nf6 3. e3 e6 4. Bd3 c5 5. c3 c4 6. Bc2 b5 7. Nbd2 a5 8. a3 a4
9. e4 dxe4 10. Nxe4 Nxe4 11. Bxe4 Ra7 12. Ne5 Bb7 13. Qf3 Bxe4 14. Qxe4 Be7 15.
O-O O-O 16. Qg4 h6 17. Bxh6 Bf6 18. Rfe1 Re8 19. Re3 Kf8 20. Bf4 g5 21. Bg3 Qd5
22. f4 gxf4 23. Qxf4 Ke7 24. Rf1 Rb7 25. Qxf6+ Kf8 26. Ng6+ Kg8 27. Qh8# 1-0

[Event "Veteranos"]
[Site "?"]
[Date "2010.??.??"]
[Round "2.8"]
[White "Félez, Carlos"]
[Black "Sanz, Alberto"]
[Result "0-1"]
[WhiteElo "1634"]
[BlackElo "1782"]
[PlyCount "86"]

1. c4 e5 2. Nc3 f5 3. e4 d6 4. exf5 Bxf5 5. Qf3 Bc8 6. Bd3 Nf6 7. Ne4 Nc6 8.
Nxf6+ Qxf6 9. Qxf6 gxf6 10. b3 Be6 11. Bb1 d5 12. d3 Bg7 13. Bb2 O-O-O 14. Ne2
h5 15. a3 h4 16. Bc2 Bf5 17. O-O-O h3 18. g3 Bg4 19. Rde1 Bh6+ 20. f4 d4 21.
Rhf1 Rhe8 22. Bd1 e4 23. Kc2 exd3+ 24. Kxd3 Re3+ 25. Kd2 Bf5 26. Nc1 Rxe1 27.
Rxe1 Ne5 28. Bh5 c5 29. Kd1 Bg4+ 30. Bxg4+ Nxg4 31. Nd3 b6 32. Re2 Kd7 33. Nf2
Nxh2 34. Nxh3 Nf1 35. Bc1 Nxg3 36. Rg2 Ne4 37. Rg6 Rh8 38. Ng1 Bf8 39. Ne2 Rh1+
40. Rg1 Rh2 41. f5 Bd6 42. Rg7+ Kc6 43. a4 d3 0-1

[Event "Veteranos"]
[Site "?"]
[Date "2010.??.??"]
[Round "2.9"]
[White "Pellicer, Rafael José"]
[Black "Navarro, Jesús"]
[Result "0-1"]
[WhiteElo "1811"]
[BlackElo "1850"]
[PlyCount "88"]

1. d4 Nf6 2. c4 c5 3. d5 b5 4. b3 bxc4 5. bxc4 g6 6. Bb2 Bg7 7. Qc2 O-O 8. Nd2
d6 9. e4 Nbd7 10. Ngf3 Rb8 11. Bd3 Rxb2 12. Qxb2 Nxe4 13. Qc1 Bxa1 14. Qxa1
Nxd2 15. Nxd2 Ne5 16. Be2 Qa5 17. Qb2 Ba6 18. O-O Nd7 19. Bd1 Rb8 20. Bb3 Qb4
21. Qc2 Ne5 22. Rb1 Qa5 23. f4 Ng4 24. Nf1 Bc8 25. Qe2 Qc3 26. Qd2 Qf6 27. Re1
Nh6 28. Ng3 Nf5 29. Ne4 Qd4+ 30. Qxd4 Nxd4 31. Nd2 Kf8 32. Kf2 Bf5 33. Rc1 Rb4
34. h3 h5 35. Ke3 a5 36. Bd1 Rb2 37. Bb3 Nxb3 38. axb3 Ra2 39. Rg1 Ra3 40. g4
hxg4 41. hxg4 Bc2 42. g5 a4 43. Ke2 axb3 44. Nb1 Ra1 0-1

[Event "Veteranos"]
[Site "?"]
[Date "2010.??.??"]
[Round "2.10"]
[White "Lasierra, Javier"]
[Black "Marín, Angel María"]
[Result "0-1"]
[WhiteElo "1700"]
[BlackElo "1712"]
[PlyCount "82"]

1. e4 c5 2. Nf3 d6 3. h3 Nf6 4. Nc3 e6 5. Bb5+ Bd7 6. d3 a6 7. Bxd7+ Nbxd7 8.
O-O Be7 9. b3 O-O 10. Nh2 b5 11. f4 Qc7 12. Kh1 c4 13. Bb2 cxb3 14. cxb3 Rac8
15. f5 b4 16. Ne2 Qc2 17. Rb1 e5 18. g4 Qxd1 19. Rfxd1 Rc2 20. Re1 Nc5 21. d4
Nd3 22. dxe5 dxe5 23. Bxe5 Nxe5 24. Nf4 Rd8 25. g5 Ne8 26. f6 gxf6 27. Nd5 Bd6
28. Rg1 fxg5 29. Rxg5+ Ng6 30. Nf3 f6 31. Rg4 Kf7 32. Rf1 Kg7 33. h4 h5 34. Rg2
Rxg2 35. Kxg2 Rc8 36. Kh1 Rc2 37. Ra1 Rf2 38. Nd4 Nxh4 39. Ne6+ Kh6 40. Nd8 Nf3
41. Nf7+ Kh7 0-1

[Event "Veteranos"]
[Site "?"]
[Date "2010.??.??"]
[Round "2.11"]
[White "Beltrán, Alfredo"]
[Black "Otal, José Miguel"]
[Result "1-0"]
[WhiteElo "1700"]
[BlackElo "1577"]
[PlyCount "59"]

1. d4 Nf6 2. Nf3 g6 3. g3 Bg7 4. Bg2 O-O 5. O-O d6 6. Re1 d5 7. c3 c6 8. Nbd2
Bf5 9. Nh4 Bg4 10. f3 Be6 11. e4 dxe4 12. fxe4 Bg4 13. Qb3 b6 14. Nhf3 Be6 15.
Qc2 Nbd7 16. Ng5 Rc8 17. Nxe6 fxe6 18. Qb3 Kh8 19. Qxe6 Rc7 20. Nf3 c5 21. d5
Ne8 22. Ng5 Ne5 23. Bf4 Rf6 24. Qh3 h5 25. Bxe5 Rf8 26. Bxc7 Qxc7 27. Ne6 Qd6
28. Nxf8 Bxf8 29. Qe6 Qxe6 30. dxe6 1-0

[Event "Veteranos"]
[Site "?"]
[Date "2010.??.??"]
[Round "2.12"]
[White "Gil, Gonzalo"]
[Black "García, Obdulio"]
[Result "0-1"]
[WhiteElo "1733"]
[BlackElo "1700"]
[PlyCount "28"]

1. c4 g6 2. Nc3 Bg7 3. d4 Nf6 4. g3 O-O 5. Bg2 c6 6. e4 d6 7. Bg5 Nbd7 8. Qd2
Re8 9. Rd1 Qc7 10. Nf3 a6 11. O-O b5 12. cxb5 axb5 13. a3 Bb7 14. Rfe1 Qb6 0-1

[Event "Veteranos"]
[Site "?"]
[Date "2010.??.??"]
[Round "2.13"]
[White "Menjón, Miguel"]
[Black "Solana, Angel"]
[Result "1-0"]
[WhiteElo "1632"]
[BlackElo "1570"]
[PlyCount "149"]

1. d4 Nf6 2. c4 e6 3. Nc3 c5 4. Nf3 cxd4 5. Nxd4 a6 6. e3 d6 7. Bd3 Be7 8. e4
O-O 9. O-O Bd7 10. Nf3 Nc6 11. a3 Rc8 12. Qc2 Ne5 13. Nxe5 dxe5 14. b4 b6 15.
f4 exf4 16. Bxf4 Bc6 17. e5 Qd4+ 18. Kh1 Ng4 19. Rad1 f5 20. Bxf5 Qxc4 21. Bxg4
Rxf4 22. Bxe6+ Qxe6 23. Rxf4 Qxe5 24. Rdf1 Bf6 25. Qa2+ Kh8 26. Nb1 Re8 27. h3
h6 28. Qf2 Bb5 29. Rd1 Bc6 30. Rfd4 Qe6 31. Rd6 Qxh3+ 32. Kg1 Qc8 33. Rxf6 gxf6
34. Qxf6+ Kh7 35. Qf7+ Kh8 36. Rf1 Rg8 37. Qf6+ Kh7 38. Rf2 Be4 39. Qe7+ Kh8
40. Qxe4 a5 41. Qd4+ Kh7 42. Rf7+ Kg6 43. Rf6+ Kh7 44. Nd2 axb4 45. axb4 b5 46.
Rf7+ Kg6 47. Qf6+ Kh5 48. Nf1 Qg4 49. Qf5+ Qxf5 50. Rxf5+ Kg6 51. Rxb5 Rc8 52.
Rc5 Ra8 53. b5 Ra1 54. b6 Rb1 55. Rc6+ Kg5 56. Kf2 h5 57. Ne3 h4 58. Rc5+ Kf4
59. Rc4+ Ke5 60. Rxh4 Rb2+ 61. Kf3 Rb3 62. g3 Kf6 63. g4 Kg6 64. Kf4 Rxb6 65.
Nd5 Rb1 66. Ne7+ Kg7 67. Nf5+ Kg6 68. Rh6+ Kf7 69. Rh7+ Kf8 70. g5 Re1 71. g6
Rf1+ 72. Ke5 Re1+ 73. Kf6 Kg8 74. Nh6+ Kf8 75. Rh8# 1-0